000 00365nam a2200145Ia 4500
005 20250403070137.0
008 240331s9999 xx 000 0 und d
082 _bSRI
_a894
100 _aSri Kanthan, R
245 0 _aKalach chalaram
260 _aColombo
_bEluthaalar Kooduravu pathippagam
_c1994
300 _a85 p .,
500 _aSirukadhai Thoguppu
942 _cL
999 _c4142
_d4142